1040 1556 1127 1505 1667 1189 1242 1999 1639 1821 1784 1108 1309 1798 1559 1818 1778 1212 1270 1351 1231 1641 1481 1268 1611 1759 1673 1669 1507 1303 1473 1665 1495 1156 1595 1703 1047 1300 1983 1648 1657 1990 1274 1312 1124 1847 1736 1849 1388 1997 1512 1810 1043 1087 1678 1620 1143 1665 1267 1199 1592 1990 1557 1558 1843 1929 1255 1914 1848 1325 1737 1861 1555 1297 1502 1214 1542 1421 1041 1044 1534 1238 1711 1087 1152 1084 1358 1768 1470 1735 1561 1064 1153 1201 1464 1079 1218 1787 1468 BCNSPRNW ULIB Ver.6.0+V

เปลี่ยนเป็นภาษาไทย

Change to English
 แสดงรายละเอียดบรรณานุกรม
  กลับหน้าหลัก

Brief Record : Get Marc (ISO 2709) : E-mail record : QR code < ปิดหน้าต่าง
LEADER : 00000nam 2200000uu 4500
001    13399114668
003     ULIB
008    120427s2548||||th 000 0 tha d
020    ^a9745065463
060  4 ^aWA390^bร655ข 2548
100 0  ^aรุจินาถ อรรถสิษฐ
245 10 ^aขวัญ :^bขวัญชีวิตของคนไทย /^cรุจินาถ อรรถสิษฐ, เอนก
250    ^aพิมพ์ครั้งที่ 1
260    ^aนนทบุรี :^bกรมพัฒนาการแพทย์แผนไทยและการแพทย์ทางเลือก,^c2548
300    ^a59 หน้า ;^c21 ซม
440  0 ^aชุดภูมิปัญญาพื้นบ้านด้านสุขภาพ ;^v2
500    ^aSend to Single Search
650  4 ^aขวัญและการทำขวัญ
650  4 ^aบายศรีสู่ขวัญ
700 0  ^aเอนก ศิริโหราชัย
700 0  ^aสมศิริ ยิ้มเมือง
710 2  ^aกรมพัฒนาการแพทย์แผนไทยและการแพทย์ทางเลือก
945    ^p0^l0^i24438
995    ^aกัณชพร
999 ^a ใช้งานได้ทุกระบบ
รายการนี้ยังไม่มีแท็ก
คุณยังไม่ได้ล็อกอิน คุณสามารถมีกิจกรรมร่วมกับเว็บไซต์ได้ แต่ต้องล็อกอินก่อน ::
  ล็อกอิน

รายการสื่อสารสนเทศ

ลำดับที่ ประเภท เลขเรียก/บาร์โค้ด สถานที่ สถานะ
- ไม่พบข้อมูล -

รายการใกล้เคียง
    ผู้แต่ง [รุจินาถ อรรถสิษฐ]

BibComment


ยังไม่เคยถูกคอมเมนท์

คอมเมนท์ทรัพยากรรายการนี้
  คอมเมนท์: ขวัญ ขวัญชีวิตข..


 Copyright 2026. Bcnsprnw @Library